banner-ar

الامبراطورية المصرية فى عهد اسماعيل و التدخل الانجلوفرنسى ( 1863 - 1879 ) / (Record no. 60930)

MARC details
000 -الفاتح
حقل البيانات ثابتة الطول 01512nam a22003137a 4500
005 - وقت وتاريخ اخر تعامل مع التسجيلة
رقم الضبط 20240530110435.0
008 - عناصر البيانات ثابتة الطول - معلومات عامة
حقل البيانات ثابتة الطول 150407s2010 xxu f 000 0 eng d
017 ## - رقم الايداع القانونى
رقم الايداع القانونى 2009/9681
المصدر ( الهيئة المختصة) مصر . دار الكتب المصرية
020 ## - الرقم الدولى المعيارى للكتب
الرقم الدولى المعيارى للكتاب 9784774792105 (مج .1 )
020 ## - الرقم الدولى المعيارى للكتب
الرقم الدولى المعيارى للكتاب 9789774792105 (مج.2 )
040 ## - مصدر الفهرسة
وكالة الفهرسة الأصلية EG-CaGPL
082 04 - رقم تصنيف ديوى العشرى
رقم الطبعة 21
رقم التصنيف 962.034
رقم المادة ق/م أ
100 0# - المدخل الرئيسى - إسم شخصى
الإسم الشخصى محمد صبرى السوربونى
245 12 - بيان العنوان
العنوان الامبراطورية المصرية فى عهد اسماعيل و التدخل الانجلوفرنسى ( 1863 - 1879 ) /
بيان المسئوليه,etc تاليف محمد صبرى السوربونى ؛ ترجمة ناجى رمضان عطية ، مراجعة و تقديم احمد زكريا الشلق
250 ## - بيان الطبعة
بيان الطبعة ط1.
260 ## - PUBLICATION, DISTRIBUTION, ETC. (IMPRINT)
تاريخ النشر أو التوزيع 2010.
300 ## - الوصف المادى
التعداد 2 مج ؛
أبعاد الوعاء 24 سم.
490 ## - بيان السلسلة
عنوان السلسلة المشروع القومى للترجمة ؛
رقم المجلد/ التعيين التسلسلي ج 1 ، 1444.
490 ## - بيان السلسلة
عنوان السلسلة المشروع القومى للترجمة ؛
رقم المجلد/ التعيين التسلسلي ج 2 ، 1445.
650 04 - المدخل الاضافى بالموضوع-مصطلح موضوعى
مصطلح موضوعي قناة السويس
650 04 - المدخل الاضافى بالموضوع-مصطلح موضوعى
مصطلح موضوعي حرب الحبشة
651 04 - المدخل الاضافى بالموضوع - اسم جغرافى
الاسم الجغرافي مصر
التقسيم الفرعي العام تاريخ
التقسيم الفرعي الزمني العصر الحديث
-- عصر اسماعيل
651 04 - المدخل الاضافى بالموضوع - اسم جغرافى
الاسم الجغرافي مصر
التقسيم الفرعي العام الاحوال السياسية
التقسيم الفرعي الزمني عصر اسماعيل
651 04 - المدخل الاضافى بالموضوع - اسم جغرافى
الاسم الجغرافي مصر
التقسيم الفرعي العام التدخل الاجنبى
التقسيم الفرعي الزمني عصر اسماعيل
700 0# - المدخل الاضافى - اسم شخصى
الإسم الشخصى ناجى رمضان عطية
الدور مترجم
700 0# - المدخل الاضافى - اسم شخصى
الإسم الشخصى احمد زكريا الشلق
الدور مراجع و مقدم
942 ## - عناصر المدخل الإضافي( كوها)
مصدر التصنيف او مخطط الترفيف Dewey Decimal Classification
Koha [default] item type كتاب
260 ## - PUBLICATION, DISTRIBUTION, ETC. (IMPRINT)
-- القاهرة :
-- المركز القومى للترجمة ،
Holdings
حالة التراجع حالة الفقد حالة تلف ليس للاعارة المكان المؤقت الموقع الحالى تاريخ الاكتساب اجمالي اﻻعارات رقم الطلب الباركود تاريخ اخر مشاهدة تاريخ تفعيل السعر نوع وعاء كوها
        مكتبة القاهرة الكبرى مكتبة القاهرة الكبرى 04/07/2015   962.034 ق/م أ 160123 04/07/2015 04/07/2015 كتاب
        مكتبة القاهرة الكبرى مكتبة القاهرة الكبرى 04/07/2015   962.034 ق/م أ 160126 04/07/2015 04/07/2015 كتاب

Powered By

EGPV